Estadísticas para Finales de Mundiales

Haz click aquí para intentar la prueba.

Estadísticas generales

  • Esta prueba ha sido intentada 261 veces
    (205 desde el último reinicio)
  • La puntuación promedio es 63 de 88

Estadísticas de respuestas

% Correcto
1930Uruguay
99%
19302
89%
19304
89%
1934Italia
89%
1930Argentina
86%
2014Alemania
82%
19341
81%
19342
81%
2010España
81%
2018Francia
81%
1986Argentina
80%
2014Argentina
79%
1994Brasil
79%
2002Brasil
79%
1998Francia
79%
2010Países Bajos
79%
20140
78%
20141
78%
20182
78%
20184
78%
2006Italia
78%
20100
77%
20101
77%
1978Argentina
77%
1938Italia
77%
1958Brasil
76%
2018Croacia
76%
1950Uruguay
76%
2006Francia
75%
20061
74%
20061
74%
19863
74%
2002Alemania
74%
1990Alemania Federal
74%
1986Alemania Federal
74%
20020
73%
19501
73%
19502
73%
20022
73%
1998Brasil
73%
1966Inglaterra
73%
19862
72%
1950Brasil
72%
19940
71%
19980
71%
19983
71%
19783
71%
20063
71%
20065
71%
1962Brasil
71%
1970Brasil
71%
1994Italia
71%
1982Italia
71%
19900
70%
19940
70%
19901
70%
19382
70%
19384
70%
19781
69%
19943
69%
19944
69%
1954Alemania Federal
69%
1978Países Bajos
69%
1974Alemania Federal
67%
19582
66%
19585
66%
1990Argentina
66%
19543
65%
19701
64%
19662
64%
19542
64%
19823
64%
19704
64%
19664
64%
1958Suecia
63%
19821
62%
19623
62%
1982Alemania Federal
62%
19741
61%
19621
61%
19742
61%
1966Alemania Federal
60%
1974Paises Bajos
60%
1954Hungría
58%
1970Italia
57%
1938Hungría
55%
1934Checoslovaquia
50%
1962Checoslovaquia
45%

Distribución de puntuación

Porcentaje por número respondido

Porcentaje de gente con cada puntuación

Historial de tus puntuaciones

No has intentado esta prueba desde el último reinicio